|
|
|
|
| LEADER |
00897nab a2200253 i 4500 |
| 001 |
misc64925 |
| 005 |
20230515095755.0 |
| 008 |
230331s1953 hu o 0|| ger d |
| 040 |
|
|
|a SZTE Miscellanea Repozitórium
|b hun
|
| 041 |
|
|
|a ger
|
| 041 |
|
|
|a tur
|
| 100 |
1 |
|
|a Taeschner Franz Gustav
|
| 245 |
1 |
0 |
|a Zwei Gazels von Gülşehri
|h [elektronikus dokumentum] /
|c Taeschner Franz Gustav
|
| 260 |
|
|
|c 1953
|
| 300 |
|
|
|a 479-485
|c 24 cm
|
| 300 |
|
|
|a [7] p., 2 t.
|c 24 cm
|
| 490 |
0 |
|
|a 60. doğum yılı münasebetiyle Fuad Köprülü armağanı = Mélanges Fuad Köprülü
|
| 561 |
|
|
|a Németh Gyula hagyaték
|
| 591 |
|
|
|a NOA 5901
|
| 650 |
|
4 |
|a Bölcsészettudományok
|
| 650 |
|
4 |
|a Nyelvek és irodalom
|
| 695 |
|
|
|a Oszmán-török irodalom - költészet - 14. sz.
|
| 700 |
0 |
1 |
|a Gülshehri Gülshehri
|
| 856 |
4 |
0 |
|u http://misc.bibl.u-szeged.hu/64925/1/5901_noa.pdf
|z Dokumentum-elérés
|